000 00530nam a2200169 4500
001 126360
003 ES-MaACL
005 20230906192815.0
007 t|
008 070214s1970 sp r ||||1| spa d
100 1 _aRecondo, José María.
_995780
245 1 0 _aFrancés de Xavier /
_cJosé María Recondo.
260 _aPamplona :
_bDiputación Foral de Navarra,
_c1970.
300 _a355 p., 15 lám. ;
_c24 cm.
710 1 _aNavarra (Comunidad Autónoma).
_bDiputación Foral.
_95984
852 _aES-MaACL
_jC-41311
_bR.75319
999 _c126360
_d126360